| 000 | 01512cam a2200241 4500 | ||
|---|---|---|---|
| 001 | ##L127972 | ||
| 008 | 041116n2004 000 0 eng u | ||
| 020 | _a0421882603 | ||
| 035 | _a(Sirsi) u127972 | ||
| 041 | 0 | _aeng | |
| 050 | 0 | 4 | _a346.410434 $2 18 |
| 100 | 1 | _aDowding, Nicholas | |
| 245 | 0 | 0 |
_aDilapidations _bthe modern law and practice |
| 250 | _a3rd ed. | ||
| 260 |
_aLondon _bSweet and Maxwell _c2004 |
||
| 300 |
_alxxiv, 989p. _c25cm. |
||
| 350 | _a175 | ||
| 520 | _aThe third edition of this comprehensive text discusses the key legal principles of dilapidations and provides practical advice for surveyors. Chapters cover: the obligation to repair; liability for dilapidations; commonly encountered defects; mechanical and electrical services and plant; forms of express repairing covenant and other forms of covenant; decoration; covenants to reinstate alterations; destruction of the subject matter; the landlord's implied obligation; the tenant's implied obligation; fixtures; forfeiture; remedies for breach of covenant; damages at the end of the term; valuations; fees and costs; tax aspects of dilapidations; dilapidations claims (covering the Civil Procedure Rules); and proposals for reform. Appendices contain forms and precedents, statutory material and protocols. Tables of cases and legislation. | ||
| 520 | _aSupersedes second edition (ISBN 0421702400). | ||
| 690 | _aPROPERTY-LEASEHOLD PROPERTY-LANDLORD AND TENANT-DILAPIDATIONS | ||
| 700 | 1 | _aReynolds, Kirk | |
| 942 | _n0 | ||
| 999 |
_c103841 _d103841 |
||